[Event "29th European Blitz"]
[Site "Warsaw POL"]
[Date "2010.12.17"]
[Round "10"]
[White "Andriasian,Z"]
[Black "Movsesian,S"]
[Result "1-0"]
[WhiteElo "2585"]
[BlackElo "2721"]

1.e4 d6 2.d4 Nf6 3.Nc3 e5 4.Nf3 Nbd7 5.Bc4 Be7 6.O-O O-O 7.Re1 a6 8.a4 b6
9.d5 h6 10.Qe2 Bb7 11.Be3 c6 12.dxc6 Bxc6 13.Nd2 Qc8 14.Rad1 Qb7 15.Bb3 b5
16.axb5 axb5 17.Qf3 b4 18.Nd5 Nxd5 19.exd5 Bb5 20.Qh3 f5 21.Nf3 Rae8 22.Ra1 Ra8
23.Rxa8 Qxa8 24.Bd2 Qa7 25.Bxb4 e4 26.Nh4 Bxh4 27.Qxh4 Nc5 28.Qf4 Rf6 29.Bc3 Rf8
30.h4 Nxb3 31.cxb3 Qe7 32.Ra1 Rd8 33.Bd4 Rd7 34.Qxf5 Rd8  1-0

[Event "29th European Blitz"]
[Site "Warsaw POL"]
[Date "2010.12.17"]
[Round "11"]
[White "Inarkiev,E"]
[Black "Jobava,Ba"]
[Result "1-0"]
[WhiteElo "2667"]
[BlackElo "2707"]

1.e4 d6 2.d4 Nf6 3.Nc3 e5 4.Nf3 Nbd7 5.Bc4 Be7 6.O-O O-O 7.a4 c6 8.Qe2 h6
9.Rd1 Qc7 10.Nh4 Re8 11.Nf5 Bf8 12.d5 Nb6 13.Bb3 cxd5 14.a5 Nc4 15.Nxd5 Nxd5
16.Rxd5 b5 17.Rxb5 Be6 18.a6 Rab8 19.Rxb8 Rxb8 20.h3 Kh7 21.Ra4 Nb6 22.Ra3 d5
23.Ra1 g6 24.Ne3 d4 25.Bxe6 fxe6 26.Ng4 Bg7 27.b3 h5 28.Nh2 Nd7 29.Nf3 Bf6
30.Ra2 Rb6 31.Bg5 Bg7 32.Qd3 Nc5 33.Qe2 Rc6 34.Nd2 Nd7 35.Nc4 Qc8 36.g4 hxg4
37.hxg4 Rxa6 38.Rxa6 Qxa6 39.Kg2 Qc6 40.f3 Qc7 41.Qf2 Kg8 42.Bd2 Nc5 43.Bb4 Nd7
44.Qe2 Bf8 45.Bxf8 Kxf8 46.Qd2 Kg7 47.Qg5 Kf7 48.Qh6 Nf6 49.Qh8 g5 50.Qh6 a5
51.Qxg5 Nd7 52.Qh5+ Kf8 53.Qh8+ Kf7 54.Qh7+ Ke8  1-0

[Event "29th European Blitz"]
[Site "Warsaw POL"]
[Date "2010.12.17"]
[Round "12"]
[White "Fridman,D"]
[Black "Pakleza,Z"]
[Result "1-0"]
[WhiteElo "2645"]
[BlackElo "2495"]

1.d4 d6 2.e4 Nf6 3.Nc3 c6 4.g3 b5 5.Bg2 b4 6.Nce2 e5 7.dxe5 dxe5 8.Qxd8+ Kxd8
9.Bg5 Kc7 10.O-O-O Bc5 11.f3 h6 12.Bxf6 gxf6 13.Bh3 Ba6 14.Kb1 Rd8 15.Rxd8 Kxd8
16.Nc1 Nd7 17.Nge2 Nf8 18.Nd3 Bd6 19.Rd1 Ke7 20.Nec1 c5 21.Ne1 c4 22.Ng2 Ne6
23.Ne3 Bc5 24.Nd5+ Kf8 25.Bxe6 Rb8 26.Bf5 Kg7 27.Bh3 h5 28.Bf1 h4 29.Nc7 Bc8
30.Bxc4 h3 31.Ne8+ Kg6 32.Nd6 Be6 33.Nb3 Bf2 34.Bxe6 fxe6 35.Nc4 Rc8 36.Ncd2 f5
37.Nc1 Kf6 38.Nd3 Be3 39.b3 a5 40.Nc4 Bd4 41.Nxa5 Rg8 42.Nc6  1-0

[Event "29th European Blitz"]
[Site "Warsaw POL"]
[Date "2010.12.17"]
[Round "12"]
[White "Jones,G"]
[Black "Movsesian,S"]
[Result "0-1"]
[WhiteElo "2575"]
[BlackElo "2721"]

1.e4 d6 2.d4 Nf6 3.Nc3 e5 4.Nf3 Nbd7 5.Bc4 Be7 6.O-O O-O 7.Re1 a6 8.a4 b6
9.Ba2 Bb7 10.h3 h6 11.Nh2 Re8 12.Be3 Bf8 13.Qf3 exd4 14.Bxd4 Ne5 15.Qf4 Nh5
16.Qe3 Qg5 17.Qxg5 hxg5 18.Bxe5 Rxe5 19.Nf3 Rc5 20.Re3 a5 21.e5 d5 22.Nxg5 Nf4
23.Rf3 Ne6 24.Nxf7 Nd4 25.Ng5 Nxf3+ 26.Nxf3 Re8 27.Rd1 c6 28.Ne1 Rxe5 29.Nd3 Rxc3
30.bxc3 Re2 31.Bb3 Ba6 32.Kf1 Re4 33.Re1 Kh7 34.f3 Rxe1+ 35.Kxe1 Bd6 36.f4 b5
37.Ne5 bxa4 38.Bxa4 Bb5 39.Bxb5 cxb5 40.Kd2 Bxe5 41.fxe5 Kg6 42.Kd3 a4 43.Kd2 Kf5
44.Kc1 Kxe5 45.Kb2  0-1

[Event "17th Open A"]
[Site "Zadar CRO"]
[Date "2010.12.17"]
[Round "8.3"]
[White "Papp,Ga"]
[Black "Jovanovic,Zo CRO"]
[Result "1/2-1/2"]
[WhiteElo "2526"]
[BlackElo "2527"]

1.e4 d6 2.d4 Nf6 3.Nc3 e5 4.Nf3 Nbd7 5.Bc4 Be7 6.O-O O-O 7.Re1 c6 8.a4 a5
9.h3 Nb6 10.Ba2 Nfd7 11.Be3 exd4 12.Nxd4 Nc5 13.Nf5 Bxf5 14.Bxc5 dxc5  1/2-1/2

[Event "I Jorge Duarte IM"]
[Site "Buenos Aires ARG"]
[Date "2010.12.18"]
[Round "8"]
[White "Pineiro,Dar"]
[Black "Tempone,M"]
[Result "1/2-1/2"]
[WhiteElo "2183"]
[BlackElo "2416"]

1.e4 d6 2.d4 Nf6 3.Nc3 Nbd7 4.f3 e5 5.Nge2 c6 6.Be3 b5 7.Qd2 Nb6 8.Ng3 Be7
9.Be2 O-O 10.O-O Qc7  1/2-1/2

[Event "European Rapid Championship"]
[Site "Warsaw POL"]
[Date "2010.12.18"]
[Round "2"]
[White "Stupak,K"]
[Black "Wiewiora,E"]
[Result "1-0"]
[WhiteElo "2530"]
[BlackElo "2118"]

1.d4 d6 2.e4 Nf6 3.Nc3 e5 4.Nge2 Nbd7 5.g3 Be7 6.Bg2 O-O 7.O-O c6 8.a4 Re8
9.h3 Bf8 10.Be3 b6 11.Qd2 Bb7 12.Rad1 a6 13.Kh2 b5 14.axb5 axb5 15.f3 b4
16.Nb1 c5 17.dxc5 dxc5 18.g4 Nb6 19.Qe1 Qc7 20.Nd2 Ra2 21.Rb1 Ba6 22.Rf2 Bb5
23.Nc1 Raa8 24.Bf1 Qc6 25.Bxb5 Qxb5 26.Qf1 Qxf1 27.Rxf1 Red8 28.Ncb3 Nfd7
29.Ra1 c4 30.Na5 Rdc8 31.c3 b3 32.Rfd1 f6 33.Kg2 Rab8 34.Naxc4 Rxc4 35.Nxc4 Nxc4  1-0

[Event "European Rapid Championship"]
[Site "Warsaw POL"]
[Date "2010.12.18"]
[Round "3"]
[White "Strzemiecki,Z"]
[Black "Vachier Lagrave,M"]
[Result "0-1"]
[WhiteElo "2367"]
[BlackElo "2703"]

1.e4 d6 2.d4 Nf6 3.Nc3 e5 4.dxe5 dxe5 5.Qxd8+ Kxd8 6.Nf3 Bd6 7.Ng5 Ke7 8.Bc4 Rf8
9.O-O c6 10.a4 Bg4 11.f4 h6 12.fxe5 Bxe5 13.Nf3 Nbd7 14.Nxe5 Nxe5 15.Bb3 Be6
16.Be3 Nfd7 17.Bxe6 Kxe6 18.Ne2 Rfd8 19.Nd4+ Ke7 20.Nf5+ Kf8 21.Bd4 f6 22.Rad1 Nf7
23.b3 Nde5 24.Bc5+ Kg8 25.h4 Kh7 26.Be7 Rxd1 27.Rxd1 h5 28.Nd6 Nxd6 29.Rxd6 Re8
30.Bxf6 gxf6 31.Rxf6 Kg7 32.Rf5 Kh6 33.g3 Ng6 34.Rf7 Re7  0-1

[Event "European Rapid Championship"]
[Site "Warsaw POL"]
[Date "2010.12.18"]
[Round "5"]
[White "Jobava,Ba"]
[Black "Pedzich,D"]
[Result "1-0"]
[WhiteElo "2707"]
[BlackElo "2418"]

1.e4 d6 2.d4 Nf6 3.Nc3 e5 4.Nge2 Nc6 5.dxe5 dxe5 6.Qxd8+ Kxd8 7.Bg5 Be6 8.O-O-O+ Kc8
9.Bxf6 gxf6 10.Ng3 Bc5 11.Bb5 Bxf2 12.Bxc6 bxc6 13.Nf5 Bc5 14.Rhf1 Rg8 15.g3 Rb8
16.Rf3 Rg4 17.h3 Bxf5 18.exf5 Rd4 19.Rxd4 Bxd4 20.Ne4 Bxb2+ 21.Kd2 Rb4 22.Re3 Rd4+
23.Ke1 Ra4 24.Nxf6 h6 25.Ng8 Rxa2 26.Rd3 Bd4 27.Nxh6 Rxc2 28.Nxf7 c5 29.Ng5 c4
30.Rf3 Rc3 31.Rxc3 Bxc3+ 32.Kd1 Kd7 33.Ne4 Bd4 34.g4 a5 35.g5 a4 36.g6 Ke7
37.f6+ Kf8 38.Ng5  1-0

[Event "European Rapid Championship"]
[Site "Warsaw POL"]
[Date "2010.12.18"]
[Round "5"]
[White "Moiseenko,A1"]
[Black "Halkias,S"]
[Result "1/2-1/2"]
[WhiteElo "2670"]
[BlackElo "2578"]

1.d4 d6 2.e4 Nf6 3.Nc3 e5 4.Nge2 Nbd7 5.g3 c6 6.Bg2 b5 7.a3 Be7 8.O-O O-O
9.h3 Bb7 10.g4 a5 11.Ng3 exd4 12.Qxd4 b4 13.axb4 axb4 14.Rxa8 Bxa8 15.Qxb4 d5
16.Qa4 Nc5 17.Qa7 Ne6 18.Na4 Bd6 19.Nb6 Bb8 20.Qxa8 Qxb6 21.Qa3 Bxg3 22.Qxg3 Nxe4
23.Qe3 Qb4 24.f3 Nd6 25.b3 Re8 26.Bd2 Qb8 27.Qf2 h6 28.Re1 Qc8 29.f4 f5 30.Re5 Ne4
31.Bxe4 fxe4 32.f5 Ng5 33.Rxe8+ Qxe8 34.Bxg5 hxg5 35.Qd4 Qb8 36.Qe3 Qe5 37.Kg2 d4
38.Qxg5 e3 39.Qd8+ Kh7 40.Qh4+ Kg8 41.Qd8+ Kh7 42.Qh4+ Kg8  1/2-1/2

[Event "European Rapid Championship"]
[Site "Warsaw POL"]
[Date "2010.12.18"]
[Round "7"]
[White "Neiksans,A"]
[Black "Vachier Lagrave,M"]
[Result "1-0"]
[WhiteElo "2503"]
[BlackElo "2703"]

1.e4 d6 2.d4 Nf6 3.Nc3 Nbd7 4.f4 e5 5.Nf3 exd4 6.Qxd4 c6 7.Bc4 d5 8.exd5 Bc5
9.Qd3 O-O 10.dxc6 bxc6 11.Bd2 Re8+ 12.Ne2 Ne4 13.O-O-O Qe7 14.Rhf1 Nxd2 15.Ng5 Nf6
16.Bxf7+ Kh8 17.Bxe8 Nxf1 18.Bxc6 Bb7 19.Bxb7 Qxb7 20.Rxf1 Qxg2 21.Rd1 Rf8
22.Ne6 Re8 23.f5 Qxh2 24.Kb1 Bb6 25.N2f4 Rc8 26.c3 Rb8 27.Rd2 Qg1+ 28.Kc2 Be3
29.Qd6 Re8 30.Rd1 Qf2+ 31.Kb1 Bxf4 32.Qxf4 Qe2 33.Rg1 Ne4 34.Ka1 Nf6 35.Qc7 Rg8
36.a3 Ne8 37.Qf4 Nf6 38.Qg5 Qe5 39.Rh1 Qe4 40.Rg1 Qe5 41.Nf4 Qe4 42.Qh4 Re8
43.Qg5 Rg8 44.Ne6 Qe5 45.Rf1 Ne4 46.Qh4 Nf6 47.Ng5 Rf8 48.Ne6 Rb8 49.Qf2 a5
50.Qa7 Nh5 51.Ng5 Qb5 52.Rf2 Re8 53.Ne6 a4 54.Qf7 h6 55.c4 Qb8 56.Qxh5 Re7
57.Qg4 Qe5 58.Rg2 Rd7 59.Ka2 Qe3 60.Qg3 Qb6 61.Qc3  1-0

[Event "48th ch-IND"]
[Site "New Delhi IND"]
[Date "2010.12.19"]
[Round "10"]
[White "Sengupta,D"]
[Black "Neelotpal,D"]
[Result "1-0"]
[WhiteElo "2558"]
[BlackElo "2486"]

1.e4 d6 2.d4 Nf6 3.Nc3 e5 4.Nge2 Be7 5.f3 O-O 6.Be3 exd4 7.Nxd4 d5 8.e5 Nfd7
9.Nf5 Nb6 10.Nxe7+ Qxe7 11.Bxb6 axb6 12.f4 c6 13.Bd3 Qh4+ 14.g3 Qh3 15.Qf3 Na6
16.Qf2 Nc5 17.O-O-O Nxd3+ 18.Rxd3 Bf5 19.Rd4 b5 20.a3 h5 21.Rg1 Rae8 22.Rd2 Bg4
23.Re1 f6 24.Ne2 Bxe2 25.Rdxe2 fxe5 26.Rxe5 Rxe5 27.Rxe5 h4 28.b3 hxg3 29.hxg3 Rf5
30.Re1 Rf7 31.Kb1 Qh6 32.Qa7 Qh3 33.Re8+ Rf8 34.Rxf8+ Kxf8 35.Qb8+ Kf7 36.Qxb7+ Kg8
37.Qxc6 Qxg3 38.Qxd5+ Kf8 39.Qxb5 Qxf4 40.Qb4+  1-0

[Event "European Rapid Championship"]
[Site "Warsaw POL"]
[Date "2010.12.19"]
[Round "13"]
[White "Jones,G"]
[Black "Jobava,Ba"]
[Result "0-1"]
[WhiteElo "2575"]
[BlackElo "2707"]

1.e4 d6 2.d4 Nf6 3.Nc3 e5 4.Nf3 Nbd7 5.Bc4 Be7 6.O-O O-O 7.Re1 c6 8.a4 a5
9.Ba2 h6 10.h3 Re8 11.Be3 Qc7 12.dxe5 dxe5 13.Nh4 Nf8 14.Nf5 Bxf5 15.exf5 Bb4
16.Qe2 Rad8 17.Qc4 Re7 18.Red1 Rxd1+ 19.Rxd1 Qc8 20.g4 e4 21.Ne2 N8d7 22.c3 Ne5
23.Qb3 Qc7 24.cxb4 Nf3+ 25.Kf1 Qh2 26.Nf4 Rd7 27.Ke2 Ng1+ 28.Kf1 Qh1 29.Ng6 Nd5
30.Rc1 fxg6 31.b5 Kh8 32.Qxd5 cxd5 33.fxg6 Rd8 34.Bxd5 Nxh3+ 35.Ke2 Nf4+
36.Bxf4 Qf3+ 37.Ke1 Qxf4 38.Rc4 Qd6  0-1

[Event "63rd ch-RUS"]
[Site "Moscow RUS"]
[Date "2010.12.20"]
[Round "9"]
[White "Malakhov,V"]
[Black "Khismatullin,D"]
[Result "1/2-1/2"]
[WhiteElo "2712"]
[BlackElo "2659"]

1.e4 d6 2.d4 Nf6 3.Nc3 Nbd7 4.g3 e5 5.Nge2 c6 6.a4 Be7 7.Bg2 b6 8.O-O a6
9.h3 h5 10.Be3 Bb7 11.b4 O-O 12.b5 cxb5 13.axb5 axb5 14.Rb1 Ra5 15.d5 Nc5
16.Nc1 Ra3 17.Bxc5 Rxc3 18.Bb4 Rc4 19.Qe2 h4 20.c3 Rc8 21.Nd3 hxg3 22.fxg3 Ra8
23.Nf2 Bc8 24.Nd1 Bd7 25.Ne3 g6 26.Rf2 Be8 27.Rbf1 Kg7 28.Nc2 Ra2 29.Qd3 Nh5
30.Rf3 Qa8 31.Ne3 Rb2 32.Ng4 Qa2 33.R3f2 Rxf2 34.Rxf2 Qa7 35.Qe3 Rh8 36.Bf1 f6
37.Kg2 Bd7 38.Bd3 Qa1 39.Qf3 Rf8 40.Qe2 Qc1 41.h4 Qa1 42.Ne3 Rh8 43.Nc2 Qa6
44.Na3 Qc8 45.Nxb5 Bh3+ 46.Kh2 Qd7 47.Qe3 g5 48.Ra2 gxh4 49.gxh4 Nf4 50.Qg3+ Qg4
51.Qxg4+ Bxg4 52.Bf1 f5 53.Ra7 Rxh4+ 54.Kg1 Kf6 55.Nxd6 Bxd6 56.Bxd6 Nh3+
57.Bxh3 Rxh3 58.Be7+ Kf7 59.Bd8+ Kg6 60.exf5+ Bxf5 61.c4 Rc3 62.Bxb6 Rxc4
63.d6 Rc6  1/2-1/2

[Event "Amitan Memorial"]
[Site "Donetsk UKR"]
[Date "2010.12.26"]
[Round "9"]
[White "Goganov,A"]
[Black "Sitnikov,A"]
[Result "1-0"]
[WhiteElo "2478"]
[BlackElo "2470"]

1.e4 d6 2.d4 Nf6 3.Nc3 Nbd7 4.Nf3 e5 5.Bc4 Be7 6.O-O O-O 7.Re1 c6 8.a4 a6
9.a5 h6 10.h3 Re8 11.Be3 Bf8 12.Qb1 Nh5 13.Qa2 Qf6 14.d5 Be7 15.Kh2 Nf4 16.Ng1 Nf8
17.g3 cxd5 18.Bxd5 N4e6 19.Qc4 Nd4 20.Qd3 Nfe6 21.Na4 Bd8 22.c3 Nf3+ 23.Nxf3 Qxf3
24.Qd1 Qxd1 25.Rexd1 Bxa5 26.Bb6 Bxb6 27.Nxb6 Rb8 28.Kg2 Nc7 29.Ba2 Rd8 30.Nc4 Ne8
31.Nxe5 Bxh3+ 32.Kxh3 dxe5 33.f4 Nf6 34.fxe5 Nxe4 35.Rd4 Ng5+ 36.Kg4 Kf8
37.Rad1 Ke7 38.Bd5 Ne6 39.R4d2 a5 40.c4 b6 41.Rf2 Rf8 42.b4 axb4 43.Ra1 Rbc8
44.Ra4 f6 45.Rxb4 fxe5 46.Rxf8 Nxf8 47.Rxb6 Rc7 48.Kf5 Ra7 49.Rc6 Nd7 50.g4 Nf6
51.Re6+ Kf8 52.Rxe5 Nxd5 53.Rxd5 Kf7 54.c5 Rc7 55.Ke4 Ke6 56.Re5+ Kf6 57.Rf5+ Ke6
58.Kd4 g6 59.Re5+ Kf6 60.Rd5 Rc8 61.Kc4 Rh8 62.c6 h5 63.gxh5 gxh5 64.c7 h4
65.Rd8  1-0

[Event "34th Christmas Master Open"]
[Site "Zuerich SUI"]
[Date "2010.12.26"]
[Round "1"]
[White "Rindlisbacher,L"]
[Black "Pelletier,Y"]
[Result "0-1"]
[WhiteElo "2172"]
[BlackElo "2583"]

1.e4 d6 2.d4 Nf6 3.Nc3 e5 4.Nf3 Nbd7 5.g4 Nxg4 6.Rg1 Ndf6 7.Bc4 h6 8.Be3 c6
9.a4 Qa5 10.Bb3 Nxe4 11.Qd3 Nxc3 12.bxc3 Nf6 13.dxe5 dxe5 14.O-O-O e4 15.Qd4 exf3
16.Bf4 Be6 17.Rde1 Rd8 18.Qc4 Nd5 19.Bd2 Qc5 20.Rxe6+ fxe6 21.Qg4 Kd7 22.Rd1 Kc7  0-1

[Event "19th Donau Open"]
[Site "Aschach AUT"]
[Date "2010.12.27"]
[Round "2"]
[White "Wertjanz,Dav"]
[Black "Moser,E"]
[Result "0-1"]
[WhiteElo "2205"]
[BlackElo "2413"]

1.e4 d6 2.d4 Nf6 3.Nc3 Nbd7 4.Nf3 e5 5.Bc4 Be7 6.O-O O-O 7.Re1 c6 8.a4 a5
9.h3 h6 10.Be3 Re8 11.Nh4 exd4 12.Bxd4 Ne5 13.Bxe5 dxe5 14.Qf3 Bf8 15.Rad1 Qb6
16.b3 Be6 17.Bxe6 Rxe6 18.Re3 g6 19.Red3 Nh5 20.g3 Rf6 21.Nf5 Bc5 22.R1d2 Kh7
23.Qg4 Nf4 24.gxf4 gxf5 25.Qh5 Rg8+ 26.Kf1 Bd4 27.fxe5 Bxe5 28.exf5 Bxc3
29.Rxc3 Rg5 30.Qh4 Rgxf5 31.Rcd3 Qc5 32.Qd4 Qe7 33.Re3 Qc7 34.Qd3 Qh2 35.Rg3 Qh1+
36.Rg1 Qf3 37.Qxf3 Rxf3 38.Kg2 Rc3 39.Rgd1 Kg7 40.Rd3 Rxc2 41.R1d2 Rxd2 42.Rxd2 Rf4
43.Kg3 Rb4 44.Rd3 Kg6 45.f3 Kg5 46.Rd7 Kg6 47.Rd3 h5 48.h4 Kf5 49.Rc3 Ke6
50.Rc5 Rxb3 51.Rxa5 Rb4 52.Rxh5 Rxa4 53.Rc5 Rd4 54.f4 Rd5 55.Rc3 c5 56.Rb3 Rd7
57.h5 c4 58.Rb6+ Ke7 59.h6 Kf8 60.f5 Kg8 61.Kf4 Kh7 62.Ke3 c3 63.Rb1 Rc7
64.f6 c2  0-1

[Event "19th Donau Open"]
[Site "Aschach AUT"]
[Date "2010.12.27"]
[Round "3"]
[White "Hiermann,D"]
[Black "Neuman,P"]
[Result "0-1"]
[WhiteElo "2280"]
[BlackElo "2476"]

1.e4 d6 2.d4 Nf6 3.Nc3 e5 4.Nf3 Nbd7 5.Bc4 Be7 6.a4 O-O 7.O-O c6 8.Qe2 exd4
9.Nxd4 Re8 10.Nf3 Bf8 11.Ba2 Nc5 12.Bg5 h6 13.Bxf6 Qxf6 14.Rfe1 d5 15.e5 Qf4
16.Bxd5 cxd5 17.Nxd5 Qg4 18.Nc7 Bd7 19.Nxa8 Rxa8 20.h3 Qf4 21.b3 Bc6 22.Rad1 Ne6
23.Rd3 Bc5 24.c3 Qf5 25.Nh4 Bxf2+  0-1

[Event "37th ch-IND w"]
[Site "Bhubaneswar IND"]
[Date "2010.12.27"]
[Round "3"]
[White "Preethi,R"]
[Black "Aparajita,G"]
[Result "1-0"]
[WhiteElo "2073"]
[BlackElo "1871"]

1.e4 d6 2.d4 Nf6 3.Nc3 c6 4.f4 Qa5 5.Bd3 e5 6.Nf3 Bg4 7.Be3 Nbd7 8.Qd2 Bxf3
9.gxf3 O-O-O 10.O-O-O exd4 11.Bxd4 d5 12.Kb1 Bc5 13.Bxc5 Nxc5 14.Rhe1 Nxd3
15.cxd3 d4 16.Ne2 Qh5 17.Ng1 g6 18.Rc1 Rd7 19.Rc4 Qh6 20.Rec1 Rhd8 21.R1c2 Ne8
22.Ra4 a6 23.Rac4 Nc7 24.b4 Nb5 25.Kb2 Nc3 26.Kb3 Rc7 27.Qc1 Qh5 28.Rc5 Qh4
29.Ne2 Nxe2 30.Rxe2 Qe7 31.f5 Re8 32.Rg2 Kb8 33.Qf4 Qd7 34.Rgc2 Ka7 35.fxg6 hxg6
36.a4 b6 37.R5c4 Kb7 38.Qg5 Qe6 39.Ka3  1-0

[Event "Rilton Cup 2010-11"]
[Site "Stockholm SWE"]
[Date "2010.12.27"]
[Round "1"]
[White "Macieja,B"]
[Black "Byklum,B"]
[Result "1-0"]
[WhiteElo "2636"]
[BlackElo "2263"]

1.e4 d6 2.d4 Nf6 3.Nc3 e5 4.Nf3 exd4 5.Nxd4 Be7 6.Be2 O-O 7.O-O Re8 8.f4 Bf8
9.Bf3 c5 10.Nb3 Nc6 11.Be3 Bf5 12.exf5 Rxe3 13.Nd5 Nxd5 14.Qxd5 Qf6 15.c3 Rae8
16.Rad1 h6 17.g3 Rd8 18.Rfe1 Rde8 19.Rxe3 Rxe3 20.Kf2 Re8 21.Qd3 c4 22.Qxc4 Qxf5
23.Bxc6 bxc6 24.Qxc6 Qe6 25.Nd4 Qe3+ 26.Kg2 Re4 27.Qc4 h5 28.Qd3 d5 29.Qxe3 Rxe3
30.Kf2 Re8 31.b4 g6 32.Ne2 Rd8 33.Ke3 Bg7 34.Kd3 Kf8 35.Nd4 Rc8 36.Rc1 Rc4
37.Nb3 Ke7 38.Nd2 Rc8 39.Rc2 Kd6 40.Nf3 Rc4 41.a3 Bf6 42.Nd4 a5 43.Nb3 Bd8
44.Nd2 Rc8 45.c4 axb4 46.axb4 dxc4+ 47.Nxc4+ Ke6 48.Re2+ Kf6 49.Re8 Rb8 50.Ne5 Ra8
51.Ke4 Kg7 52.Nc6  1-0

[Event "34th Christmas Master Open"]
[Site "Zuerich SUI"]
[Date "2010.12.27"]
[Round "3"]
[White "Wyss,J"]
[Black "Gagunashvili,M"]
[Result "1/2-1/2"]
[WhiteElo "2307"]
[BlackElo "2619"]

1.e4 d6 2.d4 Nf6 3.Nc3 e5 4.dxe5 dxe5 5.Qxd8+ Kxd8 6.Bg5 Be6 7.O-O-O+ Nd7
8.f4 exf4 9.Nf3 Kc8 10.Bxf4 Bb4 11.Nb5 Ba5 12.Ng5 Re8 13.Be2 h6 14.Nxe6 Rxe6
15.e5 Nxe5 16.Nd4 Re8 17.Bxe5 Rxe5 18.Nc6 Re8 19.c3 a6 20.Nxa5 Rxe2 21.Rhe1 Rxe1
22.Rxe1 b6 23.Nc4 Kd7 24.Ne5+ Ke6 25.Nc4+ Kd5 26.Ne3+ Kc6 27.Nf5 Nd5 28.Nxg7 Rg8
29.Nf5 Rxg2 30.Nxh6 f6 31.h4 Kd7 32.Nf5 Rf2 33.Ng3 f5 34.Rh1 Ke6 35.h5 Nf6
36.h6 Nh7 37.Nh5 f4 38.Rg1 f3 39.Rg7 Rh2 40.Rxh7 Rxh5 41.Kd2 Re5 42.Rh8 Re2+
43.Kd3  1/2-1/2

[Event "Amitan Memorial"]
[Site "Donetsk UKR"]
[Date "2010.12.28"]
[Round "12"]
[White "Andreev,Ed UKR"]
[Black "Kasparov,S"]
[Result "1/2-1/2"]
[WhiteElo "2469"]
[BlackElo "2484"]

1.e4 d6 2.d4 Nf6 3.Nc3 e5 4.Nf3 Nbd7 5.Bc4 Be7 6.O-O O-O 7.a4 c6 8.h3 b6
9.dxe5 Nxe5 10.Be2 Re8 11.Nxe5 dxe5  1/2-1/2

[Event "27th Christmas Open"]
[Site "Geneva SUI"]
[Date "2010.12.28"]
[Round "4"]
[White "Sokolov,And1"]
[Black "Preissmann,E"]
[Result "1-0"]
[WhiteElo "2593"]
[BlackElo "2315"]

1.e4 d6 2.d4 Nf6 3.Nc3 e5 4.Nf3 exd4 5.Nxd4 g6 6.Bg5 Bg7 7.Qd2 h6 8.Bf4 Nc6
9.Bb5 Bd7 10.Nxc6 bxc6 11.Ba4 Ng4 12.Bb3 Qf6 13.O-O g5 14.Bg3 O-O 15.Rad1 Be6
16.Qe2 Bxb3 17.axb3 Qe6 18.h3 Ne5 19.Qa6 Rfb8 20.f4 gxf4 21.Rxf4 Rb6 22.Qe2 a5
23.Rdf1 Re8 24.Rf5 Re7 25.Bh4 Rd7 26.Bf6 Ng6 27.Bxg7 Kxg7 28.Rxa5 d5 29.Na4 Qxe4
30.Qxe4 dxe4 31.Nxb6 cxb6 32.Raf5 Re7 33.Kf2 Nh4 34.Rh5 e3+ 35.Ke2 Re4 36.g3  1-0

[Event "Unna Open 2010"]
[Site "Unna GER"]
[Date "2010.12.28"]
[Round "3.7"]
[White "Arndt,S"]
[Black "Ziabari,M"]
[Result "1-0"]
[WhiteElo "2206"]
[BlackElo "1935"]

1.e4 d6 2.d4 Nf6 3.Nc3 c6 4.f4 Bg4 5.Qd3 h5 6.h3 Bd7 7.g3 Qc7 8.Nf3 Na6 9.Bg2 O-O-O
10.Be3 Be8 11.O-O e6 12.a4 Nb4 13.Qd2 d5 14.e5 Ne4 15.Nxe4 dxe4 16.Ng5 c5
17.c3 Nd5 18.Nxe4 f5 19.Ng5 Rh6 20.Bf2 Qa5 21.Rfd1 h4 22.g4 fxg4 23.hxg4 Be7
24.Nh3 Kb8 25.dxc5 Nb6 26.Qxd8+ Bxd8 27.b4 Qxa4 28.Rxa4 Bxa4 29.Rxd8+ Kc7
30.cxb6+  1-0

[Event "37th ch-IND w"]
[Site "Bhubaneswar IND"]
[Date "2010.12.29"]
[Round "5"]
[White "Padmini,R"]
[Black "Swathi,G"]
[Result "1/2-1/2"]
[WhiteElo "2352"]
[BlackElo "2302"]

1.e4 d6 2.d4 Nf6 3.Nc3 e5 4.Nf3 Nbd7 5.Bc4 Be7 6.O-O O-O 7.a4 c6 8.Qe2 Qc7
9.dxe5 Nxe5 10.Nxe5 dxe5 11.h3 Bc5 12.Bg5 Qe7 13.Kh1 h6 14.Bh4 Be6 15.Bd3 g5
16.Bg3 Bd7 17.Nd1 Ne8 18.Ne3 Ng7 19.Nf5 Qf6 20.Rad1 Rad8 21.Bc4 Nxf5 22.exf5 Rfe8
23.Rfe1 Bxf5 24.Rxd8 Rxd8 25.Bxe5 Qg6 26.Bc3 Bf8 27.Qe5 Bg7 28.Qe7 Rf8 29.Bxg7 Qxg7
30.Qxb7 Qd4 31.Qxc6 Qxf2 32.Rf1 Qxc2 33.b3 Kg7 34.Qc7 Qe4 35.Kh2 Be6 36.Bxe6 Qxe6
37.Rf3 a6 38.b4 Rc8 39.Qg3 Rc4 40.Re3 Qf6 41.Qb8 Qb2 42.Rf3 Qxb4 43.Qe5+ Kg8
44.Rd3 Rc8 45.Rd6 Qb8 46.Qg3 a5 47.h4 Rd8 48.Rxh6 Qxg3+  1/2-1/2

[Event "37th ch-IND w"]
[Site "Bhubaneswar IND"]
[Date "2010.12.29"]
[Round "5"]
[White "Arunima,K"]
[Black "Aparajita,G"]
[Result "1-0"]
[WhiteElo "1866"]
[BlackElo "1871"]

1.e4 d6 2.d4 Nf6 3.Nc3 c6 4.Be3 Nbd7 5.Qd2 b5 6.f3 Bb7 7.Bd3 e5 8.Nge2 a6
9.O-O Bc8 10.Ng3 g6 11.a4 Rb8 12.axb5 cxb5 13.Nce2 Nb6 14.f4 Ng4 15.fxe5 Nxe3
16.Qxe3 dxe5 17.Qf2 Qe7 18.dxe5 Bg7 19.Nd4 Qc7 20.Bxb5+ axb5 21.Nxb5 Qxe5
22.Qxf7+ Kd8 23.Ra7 Nd7 24.Rd1 Qe7 25.Qc4 Be5 26.Nd4 Bxd4+ 27.Qxd4 Rf8 28.Qc3 Ke8
29.Rc7 Kf7 30.Rf1+ Kg8 31.Qc4+ Kg7 32.Qd4+ Kg8 33.Qd5+ Kg7 34.Rxf8 Kxf8 35.Qc6 Qe8
36.Qd6+ Kg8 37.e5 Rb6 38.Qd5+ Re6 39.Rxc8 Qxc8 40.Qxe6+ Kg7 41.Qe7+ Kg8 42.e6 Qc5+
43.Qxc5 Nxc5 44.b4 Nxe6 45.b5 Nd4 46.c4 Kf7 47.Kf2 Ke7 48.Ke3 Nc2+ 49.Kd2 Nd4
50.Kc3 Ne6 51.Kb4 Kd7 52.Ne4 Kc7 53.Nf6 h6 54.c5 Kb7 55.Nd5  1-0

[Event "34th Christmas Master Open"]
[Site "Zuerich SUI"]
[Date "2010.12.29"]
[Round "5"]
[White "Bhend,E"]
[Black "Pikula,D"]
[Result "0-1"]
[WhiteElo "2260"]
[BlackElo "2533"]

1.e4 d6 2.d4 Nf6 3.Nc3 e5 4.dxe5 dxe5 5.Qxd8+ Kxd8 6.Bc4 Ke8 7.Nf3 Bd6 8.h3 c6
9.Bg5 Nbd7 10.a4 h6 11.Be3 Bb4 12.Nd2 Nc5 13.f3 a5 14.Nd1 Ne6 15.c3 Bd6 16.Nf2 Ke7
17.Nd3 Nd7 18.g3 Nec5 19.Nf2 f6 20.Be2 Nb6 21.b3 Be6 22.Rb1 Rhd8 23.O-O Ncd7
24.Kg2 Bc5 25.Nd1 Bxe3 26.Nxe3 Nc5 27.Ndc4 Bxc4 28.Bxc4 Rd2+ 29.Rf2 Rad8
30.Kf1 Rxf2+ 31.Kxf2 Rd2+ 32.Ke1 Ra2 33.Be2 g6 34.Kd1 h5 35.h4 Kd7 36.Nc2 g5
37.Kd2 gxh4 38.gxh4 Ke7 39.Bd1 Nc8 40.Ke3 Nd6 41.Kd2 f5 42.exf5 Nxf5 43.b4 axb4
44.cxb4 Nxa4 45.Kd3 Nb2+ 46.Kc3 Nxd1+ 47.Rxd1  0-1

[Event "XXI Cracow Open"]
[Site "Cracow POL"]
[Date "2010.12.30"]
[Round "4.6"]
[White "Toma,K"]
[Black "Gagarin,V"]
[Result "0-1"]
[WhiteElo "2234"]
[BlackElo "2435"]

1.e4 d6 2.d4 Nf6 3.Nc3 e5 4.Bc4 exd4 5.Qxd4 Nc6 6.Qd1 g6 7.Nge2 Bg7 8.O-O O-O
9.Nf4 Ne5 10.Bb3 b6 11.a4 Bb7 12.f3 c6 13.Be3 Qc7 14.Qe2 Nfd7 15.Qf2 a5 16.Nh3 Ba6
17.Rfd1 Nc5 18.Ba2 Bc4 19.Qh4 Bxa2 20.Rxa2 Ne6 21.Ng5 Nxg5 22.Bxg5 Rfe8 23.Ne2 d5
24.f4 Nc4 25.e5 Ne3 26.Rd2 h6 27.Bf6 Nf5 28.Qf2 Bxf6 29.exf6 h5 30.Ra3 Qd6
31.Rb3 c5 32.Ng3 Nd4 33.Rbd3 Qxf6 34.c3 Nb3 35.Rd1 d4 36.c4 Re3 37.Nf1 Rxd3
38.Rxd3 Nc1 39.Rd1 Qxf4 40.Qe1 Na2 41.Rd3 Nb4 42.Rf3 Qd6 43.Nd2 Kg7 44.h4 Ra7
45.Qf2 Qe6  0-1

[Event "Hastings Masters 2010-11"]
[Site "Hastings ENG"]
[Date "2010.12.30"]
[Round "3.18"]
[White "Ashton,A"]
[Black "Green,An"]
[Result "1-0"]
[WhiteElo "2330"]
[BlackElo "2141"]

1.e4 d6 2.d4 Nf6 3.Nc3 e5 4.Nf3 Nbd7 5.g4 Nxg4 6.Rg1 Ngf6 7.Bc4 h6 8.Be3 c6
9.dxe5 dxe5 10.Qe2 Qa5 11.O-O-O b5 12.Bb3 Ba6 13.Qd2 b4 14.Ne2 c5 15.Bd5 Rc8
16.Kb1 Nxd5 17.Qxd5 Qc7 18.Ng3 Bb7 19.Qc4 Nb6 20.Qb5+ Bc6 21.Qa6 g6 22.h4 h5
23.Ng5 Qb7 24.Qe2 Na4 25.Ka1 Bb5 26.Qd2 Nb6 27.f4 Nc4 28.Qf2 Nxe3 29.Qxe3 exf4
30.Qxf4 Bg7 31.e5 Qe7 32.e6 fxe6 33.Nxe6 Bf6 34.Ne4 Qxe6 35.Nxf6+ Kf7 36.Ne4+ Kg7
37.Rd6 Qf5 38.Qxf5  1-0

[Event "Rilton Cup 2010-11"]
[Site "Stockholm SWE"]
[Date "2010.12.30"]
[Round "4"]
[White "Cederstam Barsk Carl"]
[Black "Wiander,M"]
[Result "1-0"]
[WhiteElo "2020"]
[BlackElo "2158"]

1.e4 d6 2.d4 Nf6 3.Nc3 Nbd7 4.Be3 e5 5.Nf3 c6 6.a4 h6 7.h3 Be7 8.Bc4 Qc7
9.Ba2 Nf8 10.Qd2 Bd7 11.Ng1 Be6 12.Bxe6 Nxe6 13.Nge2 g5 14.g3 c5 15.d5 Nd4
16.Bxd4 exd4 17.Nb5 Qb6 18.Qd3 a6 19.Na3 Qb4+ 20.c3 dxc3 21.Nxc3 Qxb2 22.O-O Nd7
23.Nc4 Qb4 24.Na2 Qxa4 25.Nc3 Ne5 26.Nxe5 Qd4 27.Nb5 Qxd3 28.Nxd3 O-O 29.Na3 f5
30.Rfe1 Bf6 31.Rab1 b5 32.e5 dxe5 33.Nxe5 Rad8 34.Rbd1 Rfe8 35.f4 Rd6 36.Nc2 Bd8
37.Ne3 Rf8 38.Nc6 gxf4 39.gxf4 Rg6+ 40.Kh2 Bh4 41.Rg1 Kh7 42.Rxg6 Kxg6 43.Ne5+ Kh7
44.d6 Bf2 45.Nd5 Bd4 46.Nc6 Bf2 47.d7 Bh4 48.Nde7  1-0

[Event "XXI Cracow Open"]
[Site "Cracow POL"]
[Date "2010.12.31"]
[Round "5.28"]
[White "Kulon,K"]
[Black "Kireev,An"]
[Result "1/2-1/2"]
[WhiteElo "2208"]
[BlackElo "2127"]

1.e4 d6 2.d4 Nf6 3.Nc3 e5 4.Nf3 Nbd7 5.Bc4 Be7 6.O-O O-O 7.a4 c6 8.Re1 Qc7
9.Bb3 b6 10.h3 Bb7 11.Nh4 Rfe8 12.Nf5 Bf8 13.dxe5 dxe5 14.Qf3 Nc5 15.Ba2 Ne6
16.Be3 Rad8 17.Rad1 Bc8 18.Qg3 Kh8 19.Qh4 Rxd1 20.Rxd1 Rd8 21.Rxd8 Qxd8  1/2-1/2